Danganronpa Test-Your-Knowledge! - Statistics

General Stats
  • This quiz has been taken 1,550 times
  • The average score is 41 of 52
Answer Stats
Hint Answer % Correct
DR/SDR2/DR:AE Makoto Naegi
97%
DR/SDR2 Byakuya Togami
95%
DR/SDR2 Kyoko Kirigiri
94%
DR Aoi Asahina
93%
DR Celestia Ludenburg
93%
SDR2/DR:AE Nagito Komaeda
93%
DR/DR:AE Toko Fukawa
93%
DR/SDR2/DR0 Junko Enoshima
92%
DR Mondo Owada
92%
Headmaster Monokuma
92%
DR Chihiro Fujisaki
91%
DR Leon Kuwata
91%
DR Sakura Ogami
91%
DR Sayaka Maizono
90%
SDR2 Hajime Hinata
89%
DR Hifumi Yamada
89%
DR Kiyotaka Ishimaru
89%
DR Yasuhiro Hagakure
89%
SDR2 Chiaki Nanami
88%
SDR2 Gundam Tanaka
88%
SDR2 Ibuki Mioda
88%
SDR2 Mikan Tsumiki
88%
SDR2 Peko Pekoyama
88%
SDR2 Sonia Nevermind
88%
DR:AE Haji Towa
87%
SDR2 Kazuichi Souda
87%
SDR2 Nekomaru Nidai
87%
SDR2 Twogami
87%
SDR2 Akane Owari
86%
SDR2 Hiyoko Saionji
86%
SDR2 Mahiru Koizumi
86%
SDR2 Teruteru Hanamura
86%
SDR2 Fuyuhiko Kuzuryuu
85%
DR/DR0 Mukuro Ikusaba
85%
Headmaster's "Little Sister" Monomi
83%
AI Alter Ego
81%
DR:AE Komaru Naegi
81%
Mage Monaka Towa
73%
White bear Shirokuma
64%
Brain Surgery Izuru Kamakura
63%
Warrior Kotoko Utsugi
61%
Alternate Personality Genocider Syo
60%
Black bear Kurokuma
60%
Island Chaparrone Usami
60%
DR:AE Hiroko Hagakure
59%
Priest Jataro Kemuri
56%
Hero Masaru Daimon
56%
DR:AE Yuta Asahina
53%
DR:AE Taichi Fujisaki
50%
Vice Leader/Sage Nagista Shingetsu
43%
DR0 Ryouko Otonashi
31%
DR0 Yasuke Matsuda
29%
No matching quizzes found
Score Distribution
Percent of People with Each Score
Percentile by Number Answered
Your Score History
You have not taken this quiz